| Tag |
First Indicator |
Second Indicator |
Subfields |
| LEADER |
00000cam a2200000 a 4500 |
| 001 |
in00002136752 |
| 006 |
m e d # |
| 007 |
cr mn mmmmabba |
| 008 |
810817s1792 mau s l000 0 eng d |
| 005 |
20260330215337.8 |
| 035 |
|
|
|z w009552
|
| 035 |
|
|
|a MAAR8108174510B
|
| 035 |
|
|
|9 mwa91-5451
|
| 035 |
|
|
|a 333514
|
| 035 |
|
|
|a aas03009552
|
| 040 |
|
|
|a MWA
|c MWA
|e bdrb
|d UtOrBLW
|
| 110 |
1 |
|
|a Boston (Mass.)
|
| 245 |
1 |
0 |
|a Boston, January 13, 1792 :
|b By the direction of the town, the following report is printed for the further information of the inhabitants; and the town-meeting stands adjourned to Wednesday morning next, ten o'clock ...
|
| 264 |
|
1 |
|a [Boston] :
|b [publisher not identified],
|c [1792]
|
| 300 |
|
|
|a 1 sheet (1 unnumbered page) ;
|c 29 x 24 cm.
|
| 336 |
|
|
|a text
|b txt
|2 rdacontent
|
| 337 |
|
|
|a computer
|b c
|2 rdamedia
|
| 338 |
|
|
|a online resource
|b cr
|2 rdacarrier
|
| 500 |
|
|
|a Proposals for establishing a town council to provide for a "more efficient police," and "energetic government." Signed: William Cooper, town-clerk.
|
| 500 |
|
|
|a Text in two columns; printed area measures 21.1 x 15.4 cm.
|
| 510 |
4 |
|
|a Evans
|c 24131
|
| 510 |
4 |
|
|a Ford, W.C. Broadsides,
|c 2643
|
| 530 |
|
|
|a Microform version available in the Readex Early American Imprints series.
|
| 533 |
|
|
|a Electronic text and image data.
|b [Chester, Vt. :
|c Readex, a division of Newsbank, Inc.,
|d 2002-2004.
|e Includes files in TIFF, GIF and PDF formats with inclusion of keyword searchable text.
|f (Early American imprints. First series ; no. 24131).
|
| 500 |
|
|
|a Electronic resource.
|
| 650 |
|
0 |
|a Police
|z Massachusetts
|z Boston.
|
| 651 |
|
0 |
|a Boston (Mass.)
|x Politics and government
|y 1775-1865.
|
| 655 |
|
7 |
|a Broadsides.
|2 rbgenr
|
| 752 |
|
|
|a United States
|b Massachusetts
|d Boston.
|
| 830 |
|
0 |
|a Early American imprints.
|n Series I,
|p Evans (1639-1800) ;
|v no. 24131.
|
| 856 |
4 |
1 |
|u http://proxy.library.tamu.edu/login?url=https://opac.newsbank.com/select/evans/24131
|y Evans Digital Edition
|t 0
|
| 999 |
|
|
|a MARS
|
| 999 |
f |
f |
|s 94f9931c-b3e8-362b-95ea-331b2bbbe588
|i 34690075-d25d-3160-8cf2-a755942d1dc7
|t 0
|
| 952 |
f |
f |
|a Texas A&M University
|b College Station
|c Electronic Resources
|s www_evans
|d Available Online
|t 0
|h No information provided
|
| 998 |
f |
f |
|t 0
|l Available Online
|